000 00632nam a2200229Ia 4500
008 160319s9999 xx 000 0 und d
020 _a9715740669
050 _aFIL HN 713.5
050 _b.C87 2002 c.4
245 _aCurrent issues /
245 _cLucila L. Salcedo [et al]
250 _a3rd Edition
260 _aQuezon City:
260 _bKatha Pub. Co., Inc.,
260 _c2002
300 _a210 pages :
300 _billustrations ;
300 _c25 cm.
500 _aIncludes bibliographical references and index.
650 _aSocial Problems -- Philippines.
650 _xPhillippines -- Social conditions.
999 _c291564
_d291564